PRZYSTANKI ZKKM - Statystyki

Ogólne statystyki
  • Ten quiz został rozwiązany 5 razy
  • Średni wynik to 63 z 296
Statystyki odpowiedzi
PRZYSTANEK % Poprawnych
BALIN
75%
Kasztanowa
75%
BABICE
50%
BOLĘCIN
50%
CHEŁMEK
50%
CHRZANÓW
50%
CZYŻÓWKA
50%
Działki
50%
Kościół
50%
Dwór
50%
Dworzec Autobusowy
50%
Działki
50%
Elektrownia Wodna
50%
Fablok
50%
Fadom
50%
Górka
50%
Granica
50%
Kaplica
50%
KARNIOWICE
50%
Karniowice
50%
Kąty Bloki
50%
Kościelec
50%
Kościół
50%
LGOTA
50%
Lgota
50%
Lgota I
50%
Liceum
50%
LUSZOWICE
50%
Luszowice
50%
Mały
50%
Mały Rynek
50%
Maniska Las
50%
MĘTKÓW
50%
Mętków
50%
OKRADZIEJÓWKA
50%
Okradziejówka
50%
Osiedle
50%
Ośrodek Zdrowia
50%
PKP
50%
Plac Tysiąclecia
50%
Podwale
50%
PZGS
50%
Sendlerowej
50%
Sienna
50%
Skrzyżowanie
50%
Stadion
50%
Stara Huta
50%
Stawki
50%
Szkoła
50%
Szpital
50%
Szpitalna
50%
TRZEBINIA
50%
TRZEBINIA-SIERSZA
50%
Trzebińska
50%
VALEO
50%
Wodzińska
50%
WYGIEŁZÓW
50%
Wygiełzów
50%
Zakłady Mleczarskie
50%
ZUS
50%
Aleja Henryka
25%
Balaton
25%
Berezka
25%
Borowiec I
25%
Borowiec II
25%
Borowiec III
25%
Budzowy Sklep
25%
Centrum
25%
Chechło Kąpielisko
25%
Chrobrego Szkoła
25%
Ciężkowicka
25%
Cmentarz
25%
Długa
25%
DULOWA
25%
Dulowa
25%
Działkowa
25%
Elektrownia Siersza
25%
Florkiewicza
25%
Gaj
25%
Gaj Przychodnia
25%
Głowackiego
25%
Górka Kościół
25%
Góry Luszowskie
25%
Graniczny
25%
GROMIEC
25%
Huta
25%
Jaworznicka Pawilon
25%
Kamienna
25%
Kolonia
25%
Kopalnia Janina
25%
Kościelec Las
25%
Kościelec Staw
25%
Krakowska
25%
Krze
25%
Krze I
25%
KWK Siersza
25%
Leśniczówka
25%
LIBIĄŻ
25%
Luszowice II
25%
Matejki
25%
MŁOSZOWA
25%
Młoszowa
25%
Młyn
25%
Młyny
25%
Mostek
25%
MYŚLACHOWICE
25%
OHP
25%
Os. Młodości Witosa
25%
Ostra Góra
25%
Ostra Góra Lewiatan
25%
Paderewskiego
25%
Park
25%
Pętla
25%
Piaski
25%
PIŁA KOŚCIELECKA
25%
Piła Myślachowicka
25%
PŁAZA
25%
PŁOKI
25%
Poczta
25%
Podbuczyna
25%
POGORZYCE
25%
Przychodnia
25%
PSARY
25%
Rospontowa I
25%
Rospontowa II
25%
Sklep
25%
Stara Remiza
25%
Stawowa Sklep
25%
Straż Pożarna
25%
Topolowa
25%
Trzebionka
25%
Warpie
25%
Wodna
25%
ZAGÓRZE
25%
ŻARKI
25%
Zbyszek
25%
Ziajki
25%
Zwycięstwa
25%
Armii Krajowej I
0%
Armii Krajowej II
0%
Bębenki
0%
Beskidzka
0%
Budzowy Skrzyżowanie
0%
Centrum I
0%
Chłodnia
0%
Chrzanowska Kamieniec
0%
Ciepłownia
0%
Dąbrowskiego
0%
Dom Ludowy
0%
Dolna I
0%
Dolna II
0%
Dolna I Pętla
0%
Folwark
0%
Górka Dwór
0%
Górka Moczydlańska
0%
Górna Kościół
0%
Gromiecka
0%
Gromiecka Moczydło
0%
Harcerska Przychodnia
0%
Hetmańska
0%
Jagiellońska
0%
Jaworek
0%
Jazdówka
0%
Jazdówka Spółdzielnia
0%
Jednostka Wojskowa
0%
Kadetów
0%
Kadetów Koniec
0%
Kadetów Transformator
0%
Kąty Kościół
0%
Kąty Osiedle Malarzy
0%
Kilińskiego
0%
Kolejowa
0%
Konopnickiej I
0%
Konopnickiej II
0%
Konopnickiej Urząd Miejski
0%
Kościuszki
0%
Kosówki
0%
Kosówki Paprocia
0%
Kosówki Paprocia II
0%
Kosówki Thermoplast
0%
Kosówki Wilcza
0%
Krakowska Kruczek
0%
Krakowska Krzywda
0%
Krakowska Moczydło
0%
Krakowska Piaski
0%
Krakusa
0%
Kroczymiech
0%
Ks. Jana Mroza Krzyżówka
0%
Ks. Skorupki
0%
Łąkowa
0%
Makowa
0%
Mały Rynek Kościuszki
0%
Mazerzyn
0%
Mickiewicza
0%
Mleczna
0%
Myśliwska
0%
Na Moście
0%
Oczyszczalnia
0%
Os. Energetyków
0%
Os. Flagówka I
0%
Os. Flagówka II
0%
Os. Flagówka Pawilon
0%
Osiedle Robotnicze
0%
Os. Kopanina
0%
Os. Młodości Szarych Szeregów
0%
Os. Widokowe Kiosk
0%
Os. Widokowe Schody
0%
Os. Widokowe Szkoła
0%
Oświęcimska Cmentarz
0%
Oświęcimska Kościół
0%
Pańska Pawilon
0%
Parkowa
0%
Parkowa Boisko
0%
Partyzantów PKP
0%
Piekarnia
0%
Piłsudskiego Kościół
0%
Plac Zabaw
0%
Pogórska Kościół
0%
Pogórska Przychodnia
0%
Pogórska Szkoła
0%
Policja
0%
Polna
0%
Powstańców Styczniowych
0%
Przedszkole
0%
Przetwórnia
0%
przy Rondach
0%
Role
0%
Rondo Siedmiu Dróg
0%
RSP
0%
Ruda
0%
Rynek
0%
Sierszecka
0%
Sikorskiego Moczydło
0%
Skotnica
0%
Sołtysówka
0%
Spokojna
0%
Spokojna Cmentarz
0%
Starzyny
0%
Stawy
0%
Stella
0%
Stella Pętla
0%
Struga
0%
Studium
0%
Syberia
0%
Szczakowska
0%
Szkolna
0%
Szyjki
0%
Szyjki II
0%
Trętowiec
0%
Urząd Miejski
0%
Wapiennik I
0%
Wapiennik II
0%
WDK
0%
Wieś
0%
Wyrowiec I
0%
Wyrowiec II
0%
Wzgórze
0%
Wzgórze I
0%
Wzgórze II
0%
Zachód
0%
Zagórcze
0%
Zagórcze Astronautów
0%
Żelatowa
0%
Nie znaleziono quizów pasujących do podanych kryteriów
Rozkład punktacji
Procent ludzi z każdym wynikiem
Percentyl według liczby udzielonych odpowiedzi
Twoja historia wyników
Nie rozwiązałeś tego quizu